Uso de las Tecnologías de la Información y la Comunicación -TIC-, para el proceso de enseñanza aprendizaje en la Escuela de Derecho de la Universidad Autónoma de Santo Domingo -UASD- Sede Central, año 2013 (Record no. 620)

MARC details
000 -LEADER
campo de control de longitud fija 02999nam a2200541Ia 4500
001 - NÚMERO DE CONTROL
campo de control 685
008 - DATOS DE LONGITUD FIJA--INFORMACIÓN GENERAL
campo de control de longitud fija 241029s9999 xx 000 0 und d
010 ## - NÚMERO DE CONTROL DE LA BIBLIOTECA DEL CONGRESO
Número de control de LC 620
041 ## - CÓDIGO DE IDIOMA
Código de lengua del texto/banda sonora o título independiente Español
082 ## - NÚMERO DE LA CLASIFICACIÓN DECIMAL DEWEY
Número de clasificación NO APLICA
245 #0 - MENCIÓN DEL TÍTULO
Título Uso de las Tecnologías de la Información y la Comunicación -TIC-, para el proceso de enseñanza aprendizaje en la Escuela de Derecho de la Universidad Autónoma de Santo Domingo -UASD- Sede Central, año 2013
260 ## - PUBLICACIÓN, DISTRIBUCIÓN, ETC.
Lugar de publicación, distribución, etc. Santo Domingo
300 ## - DESCRIPCIÓN FÍSICA
Extensión 84
520 ## - RESUMEN, ETC.
Sumario, etc. 9
520 ## - RESUMEN, ETC.
Sumario, etc. Los principales objetivos del estudio consistieron en determinar el uso de las tecnologías de la información y la comunicación (TIC), para el proceso de enseñanza aprendizaje en la escuela de derecho de la universidad autónoma de Santo Domingo (UASD), razonar sobre las consecuencias del uso de las TIC en la Escuela de Derecho de dicha Universidad para el proceso de enseñanza aprendizaje. La metodología utilizada fue de carácter exploratorio-descriptiva. Se basa en fuentes documentales y primarias o empíricas.   Como técnicas se utilizaron la recolección de datos e información, el cuestionario y la encuesta.Se trabajo con una población de 104 docentes y 5,738 estudiantes de la carrera de derecho y como muestra se tomaron 30 docentes y 300 alumnos.El estudio concluyó que la TIC de mayor utilización en la enseñanza-aprendizaje de Derecho en la UASD son las computadoras, pantallas, sistemas de video, conferencia, retroproyectores y data-show, que las consecuencias del uso de TIC en el proceso de enseñanza- aprendizaje del derecho conducen a un mayor rendimiento motivación y mejora en la calidad de la enseñanza.El estudio recomendó que se debe disponer desde la rectoría o de la entidad directamente responsable, la creación de instrucciones de uso de las TIC en  la enseñanza de Derecho, incluir en las políticas propuestas un programa permanente de entrenamiento y actualización de los docentes en materia de TIC en coordinación con la Escuela de Informática.
630 ## - PUNTO DE ACCESO ADICIONAL DE MATERIA--TÍTULO UNIFORME
Título uniforme Comunicación
630 ## - PUNTO DE ACCESO ADICIONAL DE MATERIA--TÍTULO UNIFORME
Título uniforme Proceso de Enseñanza-Aprendizaje
630 ## - PUNTO DE ACCESO ADICIONAL DE MATERIA--TÍTULO UNIFORME
Título uniforme Tecnología Educativa
650 ## - PUNTO DE ACCESO ADICIONAL DE MATERIA--TÉRMINO DE MATERIA
Término de materia o nombre geográfico como elemento de entrada Enseñanza
690 ## - PUNTO DE ACCESO ADICIONAL DE MATERIA LOCAL--TÉRMINO DE MATERIA (OCLC, RLIN)
Término de materia o nombre geográfico como elemento inicial Elaborado
700 ## - ENTRADA AGREGADA--NOMBRE PERSONAL
Término indicativo de función/relación asesor
Nombre de persona Vilora , Juan Francisco
700 ## - ENTRADA AGREGADA--NOMBRE PERSONAL
Término indicativo de función/relación autor
Nombre de persona Ramírez Ferreras , Yuniol
901 ## - ELEMENTOS DE DATOS A LOCAL LDA (RLIN)
a {"1":"Ramírez Ferreras "}
b {"1":"Yuniol "}
902 ## - ELEMENTOS DE DATOS B LOCAL, LDB (RLIN)
a 1
903 ## - ELEMENTOS DE DATOS C LOCAL, LDC (RLIN)
a {"1":"Vilora "}
b {"1":"Juan Francisco "}
904 ## - ELEMENTOS DE DATOS D LOCAL, LDD (RLIN)
a Magíster en
905 ## - ELEMENTOS DE DATOS E LOCAL, LDE (RLIN)
a Enseñanza Superior
906 ## - ELEMENTOS DE DATOS F LOCAL, LDF (RLIN)
a 2
907 ## - ELEMENTOS DE DATOS G LOCAL, LDG (RLIN)
a NO APLICA
908 ## - COLOCAR PARÁMETRO DE COMANDO (RLIN)
Colocar parámetro de comando NO APLICA
909 ## -
-- Universidad Autónoma de Santo Domingo (UASD)
910 ## - DATOS DE OPCIÓN DEL USUARIO (OCLC)
Datos de opción del usuario NULL
-- NULL
911 ## - EQUIVALENCIA O REFERENCIA-CRUZADA-NOMBRE DE CONFERENCIA O REUNIÓN/CONGRESO [LOCAL, CANADÁ]
Nombre de congreso/reunión o jurisdicción como elemento de entrada ["1"]
912 ## -
-- NO APLICA
913 ## -
-- NULL
914 ## -
-- 01 de Abril de 2013
915 ## -
-- 17/09/14 10:09
916 ## -
-- NULL
917 ## -
-- NULL
918 ## -
-- NO APLICA
919 ## -
-- ["230","163","191"]
921 ## -
-- 16
922 ## -
-- 16
923 ## -
-- 0
924 ## -
-- NO APLICA
942 ## - ELEMENTOS DE ENTRADA SECUNDARIOS (KOHA)
Tipo de ítem Koha

No items available.

© 2024. Todos los Derechos Reservados. Desarrollado por IDEICE